| 000 | 01045nam0a22002531 4500 | ||
|---|---|---|---|
| 001 | rc\677897 | ||
| 005 | 20031121165846.8 | ||
| 035 | _a(NLR Aleph) 005915458 | ||
| 090 |
_a6420974 _c6420974 |
||
| 100 | _a20031121d1986 u |0rusy50 ca | ||
| 101 | 0 | _arus | |
| 102 | _aRU | ||
| 105 | _aa ||||||||| | ||
| 200 | 1 |
_aОПРЕДЕЛЕНИЕ возраста галактики методом уран-ториевых изотопных соотношений _fЮ.С. Лютостанский, С.В. Малеванный, И.В. Панов, В.М. Чечеткин |
|
| 210 |
_aМ. _cМИФИ _d1986 (вып. дан. 1987) |
||
| 215 |
_a22 с. _cграф. _d20 |
||
| 225 | 1 |
_aПрепринт _fМ-во высш. и сред. спец. образования СССР, Моск. инж.-физ. ин-т _v062-86 |
|
| 320 | _aБиблиогр.: с. 20-21 | ||
| 701 | 1 |
_aЛютостанский _bЮ. С. _gЮрий Степанович |
|
| 801 | 0 |
_aRU _bNLR _gpsbo |
|
| 801 | 1 |
_aRU _bELAR _2rusmarc |
|
| 852 |
_aNLR _j88-4/8360 |
||
| 942 | _cBOOK | ||
| 980 | _aNB | ||